| 000 | 00693nam a22001937a 4500 | ||
|---|---|---|---|
| 003 | BD-DhUL | ||
| 005 | 20180313093508.0 | ||
| 008 | 180313s1991 bg ||||| |||| 00| 0 ben d | ||
| 040 |
_aBD-DhUL _cBD-DhUL |
||
| 082 |
_a891.443 _bHAR |
||
| 100 | 1 | _aহক, হাসান আজিজুল | |
| 245 | 0 | 0 |
_aরাঢ়বঙ্গের গল্প / _cহাসান আজিজুল হক |
| 260 |
_aঢাকা : _bদি ইউনিভার্সিটি প্রেস, _c১৯৯১। |
||
| 300 |
_a১০৭ পৃ. ; _c২০ সেমি. |
||
| 365 |
_aBDT _b105.00 |
||
| 650 | 4 | _aবাংলা উপন্যাস | |
| 650 | 4 | _aBengali fiction | |
| 942 |
_2ddc _cBK |
||
| 999 |
_c239150 _d239150 |
||